000 01062nam0a2200325 4500
001 RU\NLR\bibl\1114088
005 20250615062625.0
010 _a978-5-91282-005-2
010 _a5-91282-005-X
_95000
021 _aRU
_b2007-41361
_92220
035 _a(nilc)RSL-KNO-003139183
035 _a(NLR Aleph) 001101102
090 _a1178780
_c1178780
100 _a20070626d2007 |||y0rusy50 ca
101 0 _arus
102 _aRU
105 _aa |||||||||
200 1 _aЗабавные зверята
_e[для чтения взрослыми детям
_fстихи Е. С. Аксаментова]
210 _aМосква
_cСлово
_d2007
215 _a[10] с.
_cцв. ил.
_d22
225 1 _aСолнышко
_eв 80 т.
_vТ. 13
225 1 _aДля самых маленьких
300 _aАвт. указан в вып.дан.
700 1 _aАксаментова
_bЕ. С.
_4070
801 0 _aRU
_bРКП
_c20070626
_grcr
801 1 _aRU
_bРГБ
_c20070626
801 2 _aRU
_bNLR
_c20070801
_grcr
942 _cBOOK
980 _aNB